01022cam a22002411 4500001001300000003000400013005001700017008004100034010001700075035001900092040002600111042001200137050002300149100003300172245009600205260008200301300002800383490006600411500018000477650002900657710002900686810006500715gs 39000271 DLC20260227111345.0790611s1939 laua s000 0 eng  ags 39000271  a(OCoLC)5054098 aDLCcTxCMdOCoLCdDLC apremarc00aQE117b.A22 no. 161 aMarsh, Ralph Eastman,d1903-10aReports on the surface water supply of Louisiana to September 30, 1938,cby Ralph E. Marsh. aNew Orleans, La.,bDept. of Conservation, Louisiana Geological Survey,c1939. axi, 196, [2] p.billus.1 aLouisiana. Dept. of Conservation. Geological bulletinvno. 16 aAt head of title: State of Louisiana. Dept. of Conservation. Ernest S. Clements, Commissioner, in cooperation with United States Department of the Interior, Geological Survey. 0aWater-supplyzLouisiana.2 aGeological Survey (U.S.)2 aLouisiana Geological Survey.tGeological bulletin ;vno. 16.